<?xml version="1.0" encoding="UTF-8"?><record xmlns="http://www.loc.gov/MARC21/slim" xmlns:zs="http://docs.oasis-open.org/ns/search-ws/sruResponse">
  <leader>03168cas a2200637 a 4500</leader>
  <controlfield tag="001">11268410</controlfield>
  <controlfield tag="008">830311d18941916iauwr ne      0   a0eng c</controlfield>
  <controlfield tag="005">20250630024548.8</controlfield>
  <datafield ind1=" " ind2=" " tag="010">
    <subfield code="a">sn 83025186 </subfield>
  </datafield>
  <datafield ind1="0" ind2=" " tag="022">
    <subfield code="a">2332-452X</subfield>
    <subfield code="2">1</subfield>
  </datafield>
  <datafield ind1=" " ind2=" " tag="035">
    <subfield code="a">(OCoLC)9304215</subfield>
  </datafield>
  <datafield ind1=" " ind2=" " tag="040">
    <subfield code="a">NPV</subfield>
    <subfield code="b">eng</subfield>
    <subfield code="c">NPV</subfield>
    <subfield code="d">DLC</subfield>
    <subfield code="d">INP</subfield>
    <subfield code="d">YOX</subfield>
    <subfield code="d">NJW</subfield>
    <subfield code="d">DLC</subfield>
    <subfield code="d">YOX</subfield>
    <subfield code="d">DLC</subfield>
    <subfield code="d">INP</subfield>
    <subfield code="d">MFN</subfield>
    <subfield code="d">KNP</subfield>
    <subfield code="d">ONP</subfield>
    <subfield code="d">KNP</subfield>
    <subfield code="d">CNK</subfield>
    <subfield code="d">NVK</subfield>
    <subfield code="d">CVF</subfield>
    <subfield code="d">OCL</subfield>
    <subfield code="d">OCLCQ</subfield>
    <subfield code="d">DLC</subfield>
    <subfield code="d">OCLCF</subfield>
    <subfield code="d">OCLCO</subfield>
    <subfield code="d">OCLCA</subfield>
    <subfield code="d">OCLCQ</subfield>
    <subfield code="d">DLC</subfield>
    <subfield code="d">OCLCO</subfield>
    <subfield code="d">DLC</subfield>
    <subfield code="d">OCLCO</subfield>
    <subfield code="d">OCLCL</subfield>
  </datafield>
  <datafield ind1=" " ind2=" " tag="042">
    <subfield code="a">pcc</subfield>
    <subfield code="a">nsdp</subfield>
  </datafield>
  <datafield ind1=" " ind2=" " tag="043">
    <subfield code="a">n-us-ia</subfield>
  </datafield>
  <datafield ind1=" " ind2=" " tag="045">
    <subfield code="a">w9x2</subfield>
  </datafield>
  <datafield ind1="0" ind2="0" tag="050">
    <subfield code="a">Newspaper</subfield>
  </datafield>
  <datafield ind1=" " ind2=" " tag="052">
    <subfield code="a">4153</subfield>
    <subfield code="b">P6</subfield>
  </datafield>
  <datafield ind1="0" ind2="0" tag="082">
    <subfield code="a">071</subfield>
    <subfield code="2">23</subfield>
    <subfield code="1">https://id.oclc.org/worldcat/ddc/E4dfHGhx3CP9J6H88DhYHkwpGh</subfield>
  </datafield>
  <datafield ind1=" " ind2="0" tag="222">
    <subfield code="a">Iowa state bystander</subfield>
    <subfield code="b">(Print)</subfield>
  </datafield>
  <datafield ind1="0" ind2="0" tag="245">
    <subfield code="a">Iowa state bystander.</subfield>
  </datafield>
  <datafield ind1=" " ind2=" " tag="260">
    <subfield code="a">Des Moines, Iowa :</subfield>
    <subfield code="b">Iowa State Bystander Pub. Co.,</subfield>
    <subfield code="c">-1916.</subfield>
  </datafield>
  <datafield ind1=" " ind2=" " tag="300">
    <subfield code="a">volumes</subfield>
  </datafield>
  <datafield ind1=" " ind2=" " tag="310">
    <subfield code="a">Weekly</subfield>
  </datafield>
  <datafield ind1=" " ind2=" " tag="336">
    <subfield code="a">text</subfield>
    <subfield code="b">txt</subfield>
    <subfield code="2">rdacontent</subfield>
  </datafield>
  <datafield ind1=" " ind2=" " tag="337">
    <subfield code="a">unmediated</subfield>
    <subfield code="b">n</subfield>
    <subfield code="2">rdamedia</subfield>
  </datafield>
  <datafield ind1=" " ind2=" " tag="338">
    <subfield code="a">volume</subfield>
    <subfield code="b">nc</subfield>
    <subfield code="2">rdacarrier</subfield>
  </datafield>
  <datafield ind1="1" ind2=" " tag="362">
    <subfield code="a">Began with June 15, 1894 issue.</subfield>
  </datafield>
  <datafield ind1="0" ind2=" " tag="362">
    <subfield code="a">-v. 12, no. 30 (Jan. 14, 1916).</subfield>
  </datafield>
  <datafield ind1=" " ind2=" " tag="500">
    <subfield code="a">Editors: Charles S. Ruff and Thaddeus S. Ruff, &lt;July 6, 1894&gt;-June 26, 1896; John L. Thompson, July 3, 1896-January 14, 1916.</subfield>
  </datafield>
  <datafield ind1=" " ind2=" " tag="530">
    <subfield code="a">Also issued on microfilm from the Library of Congress Photoduplication Service.</subfield>
  </datafield>
  <datafield ind1=" " ind2=" " tag="530">
    <subfield code="a">Archived issues are available in digital format as part of the Library of Congress Chronicling America online collection.</subfield>
  </datafield>
  <datafield ind1=" " ind2=" " tag="550">
    <subfield code="a">"Official paper of the Afro-American Protective Association of Iowa."</subfield>
  </datafield>
  <datafield ind1=" " ind2=" " tag="588">
    <subfield code="a">Description based on: Vol. 1, no. 5 (July 6, 1894).</subfield>
  </datafield>
  <datafield ind1=" " ind2="0" tag="650">
    <subfield code="a">African Americans</subfield>
    <subfield code="z">Iowa</subfield>
    <subfield code="v">Newspapers.</subfield>
  </datafield>
  <datafield ind1=" " ind2="0" tag="650">
    <subfield code="a">African American newspapers</subfield>
    <subfield code="z">Iowa.</subfield>
  </datafield>
  <datafield ind1=" " ind2="7" tag="650">
    <subfield code="a">African American newspapers.</subfield>
    <subfield code="2">fast</subfield>
    <subfield code="0">(OCoLC)fst00799278</subfield>
  </datafield>
  <datafield ind1=" " ind2="7" tag="650">
    <subfield code="a">African Americans.</subfield>
    <subfield code="2">fast</subfield>
    <subfield code="0">(OCoLC)fst00799558</subfield>
  </datafield>
  <datafield ind1=" " ind2="0" tag="651">
    <subfield code="a">Des Moines (Iowa)</subfield>
    <subfield code="v">Newspapers.</subfield>
  </datafield>
  <datafield ind1=" " ind2="7" tag="651">
    <subfield code="a">Iowa.</subfield>
    <subfield code="2">fast</subfield>
    <subfield code="0">(OCoLC)fst01205835</subfield>
    <subfield code="1">https://id.oclc.org/worldcat/entity/E39PBJhd6cy3VYJYQHXFgQr6rq</subfield>
  </datafield>
  <datafield ind1=" " ind2="7" tag="651">
    <subfield code="a">Iowa</subfield>
    <subfield code="z">Des Moines.</subfield>
    <subfield code="2">fast</subfield>
    <subfield code="0">(OCoLC)fst01205836</subfield>
    <subfield code="1">https://id.oclc.org/worldcat/entity/E39PBJB8rjthg3DPbfvbQfdRKd</subfield>
  </datafield>
  <datafield ind1=" " ind2="7" tag="655">
    <subfield code="a">Newspapers.</subfield>
    <subfield code="2">fast</subfield>
    <subfield code="0">(OCoLC)fst01423814</subfield>
  </datafield>
  <datafield ind1=" " ind2="7" tag="655">
    <subfield code="a">Newspapers.</subfield>
    <subfield code="2">lcgft</subfield>
    <subfield code="0">https://id.loc.gov/authorities/genreForms/gf2014026132</subfield>
  </datafield>
  <datafield ind1="1" ind2=" " tag="700">
    <subfield code="a">Ruff, Charles S.,</subfield>
    <subfield code="e">editor.</subfield>
  </datafield>
  <datafield ind1="1" ind2=" " tag="700">
    <subfield code="a">Ruff, Thaddeus S.,</subfield>
    <subfield code="e">editor.</subfield>
  </datafield>
  <datafield ind1="1" ind2=" " tag="700">
    <subfield code="a">Thompson, John L.</subfield>
    <subfield code="q">(John Lay),</subfield>
    <subfield code="d">1869-1930,</subfield>
    <subfield code="e">editor.</subfield>
    <subfield code="1">https://id.oclc.org/worldcat/entity/E39PCjrmgJkFpQWPCmP3qCWTwP</subfield>
  </datafield>
  <datafield ind1=" " ind2=" " tag="752">
    <subfield code="a">United States</subfield>
    <subfield code="b">Iowa</subfield>
    <subfield code="c">Polk</subfield>
    <subfield code="d">Des Moines.</subfield>
  </datafield>
  <datafield ind1="0" ind2="8" tag="776">
    <subfield code="i">Online version:</subfield>
    <subfield code="t">Iowa state bystander</subfield>
    <subfield code="x">2332-4538</subfield>
    <subfield code="w">(DLC)  2012254030</subfield>
    <subfield code="w">(OCoLC)773214746</subfield>
  </datafield>
  <datafield ind1="0" ind2="0" tag="785">
    <subfield code="t">Bystander (Des Moines, Iowa)</subfield>
    <subfield code="x">2332-4554</subfield>
    <subfield code="w">(DLC)sn 85049804</subfield>
    <subfield code="w">(OCoLC)2258813</subfield>
  </datafield>
  <datafield ind1="4" ind2="1" tag="859">
    <subfield code="u">http://www.loc.gov/chroniclingamerica/lccn/sn83025186/issues</subfield>
  </datafield>
  <datafield ind1=" " ind2=" " tag="890">
    <subfield code="a">Iowa state bystander [Des Moines--Iowa]. [NEWSPAPER--microfilm]</subfield>
    <subfield code="i">sv 97018662</subfield>
  </datafield>
  <datafield ind1=" " ind2=" " tag="906">
    <subfield code="a">7</subfield>
    <subfield code="b">cbc</subfield>
    <subfield code="c">serials</subfield>
    <subfield code="d">u</subfield>
    <subfield code="e">ncip</subfield>
    <subfield code="f">19</subfield>
    <subfield code="g">n-oclcserc</subfield>
  </datafield>
  <datafield ind1="0" ind2=" " tag="925">
    <subfield code="a">Acquire</subfield>
    <subfield code="b">1 shelf copy</subfield>
    <subfield code="x">Policy default 2013-11-28</subfield>
  </datafield>
  <datafield ind1=" " ind2=" " tag="955">
    <subfield code="a">sr02 2013-11-28</subfield>
    <subfield code="i">sr02 2013-11-28</subfield>
  </datafield>
  <datafield ind1=" " ind2=" " tag="955">
    <subfield code="a">LCAP batch update 2025-06-28-04:00: LCAPM-893</subfield>
  </datafield>
  <datafield ind1=" " ind2=" " tag="985">
    <subfield code="a">serpull/chronam</subfield>
    <subfield code="e">ndnp</subfield>
  </datafield>
  <datafield ind1=" " ind2=" " tag="991">
    <subfield code="b">c-Ser</subfield>
    <subfield code="h">Newspaper</subfield>
    <subfield code="w">SERIALS</subfield>
  </datafield>
</record>
